Statistics for Countries Closest to 45 Degrees North A-Z

Click here to take the quiz!

General Stats

  • This quiz has been taken 92 times
  • The average score is 21 of 28

Answer Stats

LetterCountry% Correct
UUnited States
92%
OOman
92%
JJapan
90%
FFrance
89%
RRussia
88%
DDenmark
88%
HHungary
86%
QQatar
86%
CChina
85%
YYemen
85%
IItaly
84%
AAustria
82%
ZZambia
81%
KKazakhstan
79%
CCanada
78%
UUzbekistan
78%
EEstonia
77%
RRomania
74%
VVatican City
70%
CCroatia
68%
MMongolia
67%
PPortugal
64%
GGeorgia
63%
NNorth Korea
63%
LLiechtenstein
62%
TTurkmenistan
60%
BBosnia and Herzegovina
56%
SSerbia
56%

Score Distribution

Percentile by Number Answered

Percent of People with Each Score

Your Score History

You have not taken this quiz